000 004990000a22001930004500
001 004463
003 MACL
005 20150918161509.0
008 150918b xxu||||| |||| 00| 0 eng d
040 _aMACL
_cMACL
041 _aEnglish
082 _a823/ZOH
100 _aDenby, Rummana Futehally
_911828
245 _aZohra Zeenuth Futehally
_cRummana Futehally Denby
260 _aNew Delhi
_c2004
_bOxford University Press,
350 _a350
650 _aFiction
_911829
942 _k823
_cBK
_2ddc
999 _c16352
_d16352